000 01551cam a2200361 a 4500
001 EDZ0000085219
003 StDuBDS
005 20161031105204.0
006 m||||||||d||||||||
007 cr |||||||||||
008 120521s2001 cau fo| 001|0|eng|d
020 _a9781452232713 (ebook) :
_cNo price
040 _aStDuBDS
_beng
_cStDuBDS
_epn
049 _aAlfaisal Main Library
050 0 _aHV3176
_b.D49 2001
082 0 4 _a362.8400973
_223
100 1 _aDhooper, Surjit Singh.
245 1 0 _aSocial work practice with culturally diverse people
_h[electronic resource] /
_cSurjit Singh Dhooper, Sharon E. Moore.
260 _aThousand Oaks, Calif. ;
_aLondon :
_bSAGE,
_cc2001.
300 _a1 online resource (xiii, 287 p.)
520 8 _aPresenting an approach to competent social work practice which takes into account the growing multiculturalism of society, this text discusses the need for social workers to be aware of, and appreciate both their own culture and that of others.
521 _aSpecialized.
588 _aDescription based on print version record.
504 _aIncludes bibliographical references and index.
650 0 _aSocial work with minorities
_zUnited States.
650 0 _aMinorities
_zUnited States.
655 7 _aElectronic books.
_2local
700 1 _aMoore, Sharon E.
710 2 _aSage eBooks
776 0 8 _iPrint version :
_z9780761912972
856 4 0 _uhttp://ezproxy.alfaisal.edu/login?url=http://sk.sagepub.com/books/social-work-practice-with-culturally-diverse-people
942 _2lcc
_cEBOOKS
999 _c481266
_d481266